Meilleurs sons de Djadja & Dinaz - Statistiques

Statistiques générales
  • Ce quiz a été pris 1 247 fois
    947 depuis la dernière actualisation
  • Le résultat moyen est 6 sur 15
Statistiques - réponses
Rang Titres Streams % Correct
1 J'fais mes affaires 103,9M
84%
10 Croire 52,1M
63%
3 Possédé 82,5M
61%
4 Capitaine 61,4M
54%
9 Bomba 52,1M
46%
7 Seuls 56,4M
45%
5 À cœur ouvert 60,4M
39%
15 Bénéfice max 35,6M
37%
2 Dans le Réseau 96,0M
37%
14 Drôle de mentalité 37,0M
37%
11 Féfé lambo 51,8M
32%
6 Un million par mois 58,7M
32%
8 BONKASA 55,3M
29%
12 Essayez 49,0M
25%
13 Manège 47,3M
22%
Aucun quiz correspondant
Distribution des résultats
% des personnes avec chaque résultat
Percentile par nombre de réponses
Votre historique - résultats
Vous n’avez pas pris ce quiz depuis la dernière actualisation